Catalog

Record Details

Catalog Search



Available copies

  • 1 of 1 copy available at LARL/NWRL Consortium.
  • 1 of 1 copy available at Lake Agassiz Regional Library. (Show preferred library)

Current holds

0 current holds with 1 total copy.

Show Only Available Copies
Location Call Number / Copy Notes Barcode Shelving Location Status Due Date
Ada Public Library M GRA (Text) 33500013815576 Main Available -

Record details

  • ISBN: 9780593313831
  • ISBN: 0593313836
  • Physical Description: 383 pages ; 21 cm
  • Publisher: New York : Vintage Books, 2023.

Content descriptions

General Note:
"A Vintage Books original"--title page verso.
Summary, etc.:
"The suspenseful sequel to The Murder of Mr. ... Read More
Subject: Murder > Investigation > Fiction.
Man-woman relationships > Fiction.
Poisoning > Fiction.
Parties > Fiction.
Genre: Detective and mystery fiction.
Historical fiction.
LDR 03479cam a2200457 i 4500
001412467
003LARL_NWRL_CONSORTIUM
00520230526153515.0
008220826s2023 nyu e 000 1 eng
010 . ‡a 2022038311
040 . ‡aDLC ‡beng ‡erda ‡cDLC ‡dYDX ‡dBDX ‡dMJ8 ‡dIK2 ‡dRNL ‡dFMG ‡dMBT ‡dCLE
019 . ‡a1377728026
020 . ‡a9780593313831 ‡q(Vintage Books Trade Paperback)
020 . ‡a0593313836 ‡q(Vintage Books Trade Paperback)
020 . ‡z9780593313848 ‡q(eBook)
035 . ‡a(OCoLC)1342509212 ‡z(OCoLC)1377728026
042 . ‡apcc
08200. ‡a813/.6 ‡223
1001 . ‡aGray, Claudia, ‡eauthor. ‡0(LARL_NWRL_CONSORTIUM)198181
24514. ‡aThe late Mrs. Willoughby / ‡cby Claudia Gray.
264 1. ‡aNew York : ‡bVintage Books, ‡c2023.
300 . ‡a383 pages ; ‡c21 cm
336 . ‡atext ‡btxt ‡2rdacontent
337 . ‡aunmediated ‡bn ‡2rdamedia
338 . ‡avolume ‡bnc ‡2rdacarrier
4900 . ‡aMr. Darcy & Miss Tilney ; ‡v2
500 . ‡a"A Vintage Books original"--title page verso.
520 . ‡a"The suspenseful sequel to The Murder of Mr. Wickham, which sees Jonathan Darcy and Juliet Tilney reunited, and with another mystery to solve: the dreadful poisoning of the scoundrel Willoughby's new wife. Catherine and Henry Tilney of Northanger Abbey are not entirely pleased to be sending their eligible young daughter Juliet out into the world again: the last house party she attended, at the home of the Knightleys, involved a murder-which Juliet helped solve. Particularly concerning is that she intends to visit her new friend Marianne Brandon, who's returned home to Devonshire shrouded in fresh scandal-made more potent by the news that her former suitor, the rakish Mr. Willoughby, intends to take up residence at his local estate with his new bride. Elizabeth and Fitzwilliam Darcy of Pemberley are thrilled that their eldest son, Jonathan-who, like his father, has not always been the most socially adept-has been invited to stay with his former schoolmate, John Willoughby. Jonathan himself is decidedly less taken with the notion of having to spend extended time under the roof of his old bully, but that all changes when he finds himself reunited with his fellow amateur sleuth, the radiant Miss Tilney. And when shortly thereafter, Willoughby's new wife-whom he married for her fortune-dies horribly at the party meant to welcome her to town. With rumors flying and Marianne-known to be both unstable and previously jilted by the dead woman's newly made widower-under increased suspicion, Jonathan and Juliet must team up once more to uncover the murderer. But as they collect clues and close in on suspects, eerie incidents suggest that the killer may strike again, and that the pair are in far graver danger than they or their families could imagine"-- ‡cProvided by publisher.
650 0. ‡aMurder ‡xInvestigation ‡vFiction. ‡0(LARL_NWRL_CONSORTIUM)166203
650 0. ‡aMan-woman relationships ‡vFiction. ‡0(LARL_NWRL_CONSORTIUM)165985
650 0. ‡aPoisoning ‡vFiction. ‡0(LARL_NWRL_CONSORTIUM)173988
650 0. ‡aParties ‡vFiction. ‡0(LARL_NWRL_CONSORTIUM)166817
655 7. ‡aDetective and mystery fiction. ‡2lcgft
655 7. ‡aHistorical fiction. ‡2lcgft
77608. ‡iOnline version: ‡aGray, Claudia, 1970- ‡tLate Mrs. Willoughby ‡dNew York : Vintage Books, [2023] ‡z9780593313848 ‡w(DLC) 2022038312
901 . ‡a412467 ‡bOCoLC ‡c412467 ‡tbiblio ‡soclc

Additional Resources